000 00998nam a22003017a 4500
003 CHAP
005 20220329135702.0
008 971013s1993 r 00010 d
010 _a40554
011 _a41526
035 _a45652
040 _cCHAP
082 _a628.53
_bM3
100 0 0 _aMarket, Bernd.
_971435
245 _aPlants as biomonitors
_b: indicators for heavy metals in the terrestrial environment
260 _aWeinheim, Germany :
_bVCH,
_c1993
300 _a644 p.
590 _aBATCH-UPD
_b10
_c20130110
_lUCH01
_h1530
590 _aBATCH-UPD
_b10
_c20130410
_lUCH01
_h0937
590 _aBATCH-UPD
_b10
_c20130914
_lUCH01
_h1631
590 _aCONVERSION
_b10
_c20130109
_lUCH01
_h1322
650 1 4 _aIndicadores biológicos.
_957561
650 1 4 _aMedio ambiente
_xContaminación.
_974069
650 1 4 _aMetales pesados
_xEfecto en el medio ambiente.
_975170
901 _aBK
942 _cLIBRO
949 _a628.53 M3
_bBC
_cLIBRO
_d33724000002440
_eLIBRO
_gI.175664
_h86587
_i45652
_si
_t679.82
999 _c40554
_d40554